000 00467cam a2200193ua 4500
001 8069
008 160630n1998 II |||gr||||Z||||||eng
040 _aMAIN
041 _aEnglish
082 _a540 POD
100 _aPODDAR, S. P.
245 _aHIGHER SECONDARY CHEMISTRY (P-1)
250 _a1ST.
260 _aKOLKATA
_bBOOK SYNDICATE
_c1998
300 _a656:
_c24CM.
653 _aChemistry & allied sciences
700 _aPODDAR, S. P.,
_eAuthor.
942 _cBK
999 _c8050
_d8050